000 00577nam a22001337a 4500
001 121254
008 281122|2021 eng||||| |||| 00| 0 eng d
245 _aHome Survey Level 2 Survey Only Report
_bSample
260 _aUnited Kingdom
_c2021
520 _aReplaces earlier home surveys or housebuyer reports.
690 _96270
_aSurvey reports
710 _94900
_aRoyal Institution of Chartered Surveyors
856 _uhttps://www.rics.org/globalassets/rics-website/media/upholding-professional-standards/sector-standards/home-survey--2021/rhs-level-two.pdf
_zAvailable on RICS.org
999 _c121254
_d121254